Padesát jednominutových tipu úspešné komunikace : Techniky pro účinnější porady,písemná sdělení a vystoupení. Z něm.orig /

Saved in:
Bibliographic Details
Main Author: Bozek, Phillip (Author)
Format: Book
Language:Czech
Published: Praha : Právnické a ekonomické nakladatelství a knihkupectví Linde a.s, 1993
Tags: Add Tag
No Tags, Be the first to tag this record!

MARC

LEADER 00000nam a22000003a 4500
001 stu22393
005 20150617225747.4
008 940407s1993----cs------------------cze-d
020 |a 80-85647-23-0 
040 |a STU  |b slo 
041 0 |a cze 
044 |a cs 
080 |a 338.242 
100 1 |a Bozek, Phillip  |4 aut 
245 1 |a Padesát jednominutových tipu úspešné komunikace :  |b Techniky pro účinnější porady,písemná sdělení a vystoupení. Z něm.orig /  |c [aut.]Bozek,Phillip 
260 |a Praha :  |b Právnické a ekonomické nakladatelství a knihkupectví Linde a.s,  |c 1993 
300 |a 101 s :  |b Tabuľky 
996 |b C92852  |c C*92852  |l CCXIV  |s P  |a 0  |w stu22393_0001